London Diocesan Fund and others and others v Avonridge Property Company Limited (Record no. 76338)

MARC details
000 -LEADER
fixed length control field 02597cab a2200277 4500
001 - CONTROL NUMBER
control field ##L132146
008 - FIXED-LENGTH DATA ELEMENTS--GENERAL INFORMATION
fixed length control field 060116n2005 000 0 eng u
035 ## - SYSTEM CONTROL NUMBER
System control number (Sirsi) u132146
041 0# - LANGUAGE CODE
Language code of text/sound track or separate title eng
245 00 - TITLE STATEMENT
Title London Diocesan Fund and others and others v Avonridge Property Company Limited
260 ## - PUBLICATION, DISTRIBUTION, ETC.
Date of publication, distribution, etc. 2005
520 ## - SUMMARY, ETC.
Summary, etc. [2005] UKHL 70, 1 December 2005. Considers whether the Landlord and Tenant (Covenants) Act 1995 excludes parties' ability to limit their liability under their covenants from the outset in whatever way agreed. Appeal by A against the dismissal of its appeal ((2004) EWCA Civ 1306, Abs68361) in favour of L. A acquired by assignment the lease of a number of shop units, six of which were sublet to L at substantial premiums. A subsequently assigned the head lease to a third party who disappeared leaving the rent due under the head lease unpaid. L had to pay this rent arrears and take out new leases at a higher rent. L bought successful proceedings against A for damages for the breach of the landlord's covenant in cl6 of the lease which stated that the landlord covenants with the tenant so as to be liable after the landlord has disposed of its interest in the property. The judge held that the Act rendered void the words in cl6 limiting A's liability to the time it was the landlord. "Held": appeal allowed. The object of the Act was that on lawful assignment of a tenancy or reversion and irrespective of the terms of the tenancy, the tenant or landlord should have an exit route from his future liabilities. It was not intended to close any other exit route already open to the parties, particularly by agreement that their liability could be curtailed from the outset.
590 ## - LOCAL NOTE (RLIN)
Local note IKA170106
650 24 - SUBJECT ADDED ENTRY--TOPICAL TERM
Topical term or geographic name entry element LONDON DIOCESAN FUND AND OTHERS V AVONRIDGE PROPERTY COMPANY LTD
650 24 - SUBJECT ADDED ENTRY--TOPICAL TERM
Topical term or geographic name entry element AVONRIDGE PROPERTY COMPANY LTD V LONDON DIOCESAN FUND
650 24 - SUBJECT ADDED ENTRY--TOPICAL TERM
Topical term or geographic name entry element LANDLORD AND TENANT (COVENANTS) ACT 1995 S3
650 24 - SUBJECT ADDED ENTRY--TOPICAL TERM
Topical term or geographic name entry element LANDLORD AND TENANT (COVENANTS) ACT 1995 S6
650 24 - SUBJECT ADDED ENTRY--TOPICAL TERM
Topical term or geographic name entry element LANDLORD AND TENANT (COVENANTS) ACT 1995 S8
650 24 - SUBJECT ADDED ENTRY--TOPICAL TERM
Topical term or geographic name entry element LANDLORD AND TENANT (COVENANTS) ACT 1995 S25
650 24 - SUBJECT ADDED ENTRY--TOPICAL TERM
Topical term or geographic name entry element LANDLORD AND TENANT (COVENANTS) ACT 1995
650 24 - SUBJECT ADDED ENTRY--TOPICAL TERM
Topical term or geographic name entry element BHP PETROLEUM GREAT BRITAIN LTD V CHESTERFIELD PROPERTIES LTD
650 24 - SUBJECT ADDED ENTRY--TOPICAL TERM
Topical term or geographic name entry element AVONRIDGE PROPERTY CO LTD V MASHRU
690 ## - LOCAL SUBJECT ADDED ENTRY--TOPICAL TERM (OCLC, RLIN)
Topical term or geographic name as entry element PROPERTY-COMMERCIAL PROPERTY-LEASEHOLD COMMERCIAL PROPERTY-COMMERCIAL LANDLORD AND TENANT-COMMERCIAL LEASES
856 40 - ELECTRONIC LOCATION AND ACCESS
Uniform Resource Identifier <a href="https://www.publications.parliament.uk/pa/ld200506/ldjudgmt/jd051201/dfund-1.htm ">https://www.publications.parliament.uk/pa/ld200506/ldjudgmt/jd051201/dfund-1.htm </a>
Public note View the judgment free of charge at www.parliament.uk....
942 ## - ADDED ENTRY ELEMENTS (KOHA)
Suppress in OPAC 0
Holdings
Withdrawn status Lost status Source of classification or shelving scheme Damaged status Not for loan Home library Current library Shelving location Date acquired Total Checkouts Full call number Barcode Date last seen Copy number Price effective from Koha item type
    Dewey Decimal Classification     Virtual Virtual Online 16/01/2006   ONLINE PUBLICATION 132146-2001 06/08/2019 1 06/08/2019 Law report